000 00622cam a2200217 4500
001 44817
090 _a44817
100 _a19981229d1956 m y0pory50030103ba
101 0 _apor
102 _aPT
200 1 _aO retrato de Ricardina
_fCamilo Castelo Branco
205 _a10.ª ed.
_bconforme a 2.ª
210 9 _aLisboa
_cParceria António Maria Pereira,
_d1956
215 _a256 p.
_d19 cm
225 2 _aObras de Camilo Castelo Branco
_v58
305 _aEd. popular
317 _aBiblioteca Jorge de Sena
675 _a821.134.3-31"18"
_vBN
_zpor
700 1 _aCastelo Branco,
_bCamilo,
_f1825-1890
801 0 _aPT
_bBN
_gRPC
990 _cLIVROS